| 000 | nam a22 7a 4500 | ||
|---|---|---|---|
| 999 |
_c95622 _d95621 |
||
| 005 | 20180607161638.0 | ||
| 008 | 180607b ||||| |||| 00| 0 eng d | ||
| 080 |
_a54(73)(05) _bJOU.111/3 |
||
| 110 | _aAmerican chemical society | ||
| 245 | _aJournal of American Chemical Society | ||
| 260 |
_aNew York _bAmerican chemical society _c1989 |
||
| 490 | _vvol. 111 | ||
| 653 | _aChemistry - Journal | ||
| 942 | _cBV | ||